LEADER 00876nam2-22003011i-450- 001 990004301920403321 005 20080519130451.0 035 $a000430192 035 $aFED01000430192 035 $a(Aleph)000430192FED01 035 $a000430192 100 $a19990604d1967----km-y0itay50------ba 101 1 $aita$alat 105 $ay-------001yy 200 1 $aEcclesiaste$fa cura di P. Lorenzo di Fonzo 210 $aTorino$cMarietti$dc1967 215 $aXVII, 379 p.$d27 cm 461 0$1001000579358$12001$a<>Sacra Bibbia 500 11$aBibbia.$iVecchio Testamento.$iEcclesiaste$m$955323 676 $a220.77 702 1$aDi Fonzo,$bLorenzo 801 0$aIT$bUNINA$gRICA$2UNIMARC 901 $aBK 912 $a990004301920403321 952 $a220.77 GAR 1 (27)$bBIBL. 41441$fFLFBC 959 $aFLFBC 996 $aBibbia$955323 997 $aUNINA LEADER 00997nam0-22003371i-450- 001 990003023370403321 005 20071011165859.0 010 $a0-901759-08-2 035 $a000302337 035 $aFED01000302337 035 $a(Aleph)000302337FED01 035 $a000302337 100 $a20030910d1977----km-y0itay50------ba 101 0 $aita 102 $aIT 200 1 $aCapitalism in crisis and everyday life$fMichel Bosquet [i.e. A. Gorz]$gtranslated from the French by John Howe.. 210 $aHassocks$cHarvester$d1977. 215 $a199 p.$d23 cm 300 $a[trad. di: Critique du capitalisme quotidien] 610 0 $aCapitalismo$aFrancia 676 $aF/1.421 676 $aN/1.1 702 1$aGorz,$bAndré$f<1923-2007> 801 0$aIT$bUNINA$gRICA$2UNIMARC 901 $aBK 912 $a990003023370403321 952 $aN/1.1 BOS$b8287/I$fSES 952 $aN/1.1 BOS$b8967/I$fSES 959 $aSES 996 $aCapitalism in crisis and everyday life$9467137 997 $aUNINA LEADER 01218nam--2200397---450- 001 990001582660203316 005 20060428145902.0 035 $a000158266 035 $aUSA01000158266 035 $a(ALEPH)000158266USA01 035 $a000158266 100 $a20040420d1977----km-y0itay0103----ba 101 $aita 102 $aIT 105 $aa|||||||001yy 200 1 $aAttraverso la storia della matematica$fAttilio Frajese 210 $aFirenze$cle Monnier$d1977 215 $aXI, 371 p.$cill.$d24 cm 225 2 $a<> matematica nella cultura e nella scuola$v3 300 $aRist.dell'ed del 1969 410 0$12001$a<> matematica nella cultura e nella scuola$v3 454 1$12001 461 1$1001-------$12001 606 $aMatematica$xStora$xSaggi 676 $a510.09 700 1$aFRAJESE,$bAttilio$040843 801 0$aIT$bsalbc$gISBD 912 $a990001582660203316 951 $aII.4. 3493(XV B coll. 313/3)$b87002 L.M.$cXV B 959 $aBK 969 $aUMA 979 $aSIAV9$b10$c20040420$lUSA01$h1138 979 $aPATRY$b90$c20040726$lUSA01$h1720 979 $aCOPAT5$b90$c20060428$lUSA01$h1459 996 $aAttraverso la storia della matematica$9137152 997 $aUNISA